Logística integral: La gestión operativa de la empresa / Julio Juan Anaya Tejero (Registro nro. 27399)

Detalles MARC
000 -LÍDER
fixed length control field 00509nam a2200145 4500
020 ## - NÚMERO INTERNACIONAL NORMALIZADO PARA LIBROS
ISBN 978-84-7356-770-1
050 ## - SIGNATURA TOPOGRAFICA DE LA BIBLIOTECA DEL CONGRESO (LC)
Número de Clasificación HD38.5 A53 2011
082 ## - NUMERO DE CLASIFICACION DECIMAL DEWEY
Número de Clasificación 658.5 A532l 2011
100 ## - ASIENTO PRINCIPAL--NOMBRE PERSONAL
Nombre personal Anaya Tejero, Julio Juan
245 ## - TÍTULO
Título Logística integral: La gestión operativa de la empresa / Julio Juan Anaya Tejero
250 ## - MENCIÓN DE EDICIÓN
Mención de edición 4 ed. Revisada y Actualizada / reim. 2013
260 ## - PUBLICACIÓN, DISTRIBUCIÓN, ETC. (PIE DE IMPRENTA)
Lugar de publicación, distribución, etc. España Madrid: ESIC
300 ## - DESCRIPCIÓN FÍSICA
Extensión 248 p. / 23 cm.
650 ## - ASIENTO SECUNDARIO DE MATERIA - TERMINO TEMÁTICO
Término temático o nombre geográfico como elemento de entrada 1. LOGÍSTICA EN LOS NEGOCIOS / 2. LOGÍSTICA / 3. GESTIÓN DE NEGOCIOS
Existencias
No. biblioteca No. biblioteca Número de clasificación Código de barras/Número de adquisición Número de copia Tipo de material
AREA DE ADMINISTRACIÓN AREA DE ADMINISTRACIÓN 658.5 A532l 2011 51999 2 Libros
AREA DE ADMINISTRACIÓN AREA DE ADMINISTRACIÓN 658.5 A532l 2011 52000 3 Libros
AREA DE ADMINISTRACIÓN AREA DE ADMINISTRACIÓN 658.5 A532l 2011 52556 4 Libros
AREA DE ADMINISTRACIÓN AREA DE ADMINISTRACIÓN 658.5 A532l 2011 52557 5 Libros
AREA DE ADMINISTRACIÓN AREA DE ADMINISTRACIÓN 658.5 A532l 2011 52558 6 Libros
AREA DE ADMINISTRACIÓN AREA DE ADMINISTRACIÓN 658.5 A532l 2011 52559 7 Libros
AREA DE ADMINISTRACIÓN AREA DE ADMINISTRACIÓN 658.5 A532l 2011 52560 8 Libros
AREA DE ADMINISTRACIÓN LUIS G. INCLAN 658.5 A532l 2011 51998 1 Libros
ÁREA DE INDUSTRIAL ÁREA DE INDUSTRIAL 658.5 A532l 2011 52661 12 Libros
ÁREA DE INDUSTRIAL ÁREA DE INDUSTRIAL 658.5 A532l 2011 52662 13 Libros
ÁREA DE INDUSTRIAL ÁREA DE INDUSTRIAL 658.5 A532l 2011 52663 14 Libros
ÁREA DE INDUSTRIAL ÁREA DE INDUSTRIAL 658.5 A532l 2011 52658 9 Libros
ÁREA DE INDUSTRIAL ÁREA DE INDUSTRIAL 658.5 A532l 2011 52659 10 Libros
ÁREA DE INDUSTRIAL ÁREA DE INDUSTRIAL 658.5 A532l 2011 52660 11 Libros
Calzada Tecnológico # 27, Zacatepec, Morelos.
01(734) 343-07-23 / 343-21-10 / 343-21-11
Apdo. Postal 45 C.P 62780